000 00874nam0a22002171 4500
001 rc\701979
005 20250621215446.0
035 _a(NLR Aleph) 005937766
090 _a6646276
_c6646276
100 _a20031121d1985 |||y0rusy50 ca
101 0 _arus
102 _aRU
105 _aa |||||||||
200 1 _aСовершенствование планирования экономического и социального развития региона
_eСб. науч. тр.
_fМ-во высш. и сред. спец. образования РСФСР
_gСвердл. ин-т нар. хоз-ва
_g[Редкол.: И.Г. Кезик (отв. ред.) и др.]
210 _aСвердловск
_cУрГУ
_cСИНХ
_d1985
215 _a107 с.
_cил.
_d19
801 0 _aRU
_bNLR
_gpsbo
801 1 _aRU
_bELAR
_2rusmarc
852 _aNLR
_j86-3/9627
942 _cBOOK
980 _aNB